000
00235nam a2200097Ia 4500
001
734399
005
20250826163833.0
008
250824s9999 xx 000 0 und d
245
0
_a
FATİH İSTANBUL DA
_c
M.TURHAN TAN
260
_b
YEDİVEREN
999
_c
734399
_d
734399